The Peacemakers

Sparad:
Bibliografiska uppgifter
Huvudupphovsman: Forbes, Duncan (Författare, medförfattare)
Materialtyp: Bok
Språk:engelska
Publicerad: Londres Heinemann Educational Books 1981
Serie:Heinemann guided readers
Ämnen:
Taggar: Lägg till en tagg
Inga taggar, Lägg till första taggen!

MARC

LEADER 00000nam a2200000 a 4500
001 UCX0878
003 CL-VaPUC
008 900403e19810000UK |||||||||||||||||eng|d
082 0 4 |a 428.6  |b FOR  |2 21 
100 0 |a Forbes, Duncan  |e author  |9 316266 
245 1 4 |a The Peacemakers 
300 |a 58 p 
942 |c BK 
945 |d 19900403 00:00:00 
260 |a Londres  |b Heinemann Educational Books  |c 1981 
650 7 |a INGLES COMPRENSION  |2 CL-VaPUC  |9 313403 
650 7 |a INGLES EJERCICIOS DE LECTURA  |2 CL-VaPUC  |9 315288 
583 |a last modification  |c 19900403 00:00:00  |k Rodrigo Vera 
490 0 |a Heinemann guided readers 
999 |c 222293  |d 222291 
952 |0 0  |1 0  |4 0  |6 428_600000000000000_FOR_1981  |7 0  |8 A  |9 216784  |a BIBEDU  |b BIBEDU  |d 2019-11-15  |i 2856522  |o 428.6 FOR 1981  |p 2856522  |r 2019-11-15  |w 2019-11-15  |y BK  |k LIT